00722nam a2200205Ia 4500001000700000003000500007005001700012008004100029010001100070040000900081082001400090110008200104245013800186260003400324300001100358440002200369503000700391650003600398700008200434dia_52CHAP20221206135637.0220117s1988 xx 000 0 und d a170485 cCHAP a664.1 M36 aInstituto Cubano de Investigaciones de los Derivados de la Caña de Azúcar aManual de los derivados de la caña de azúcar /c Institúto Cubano de Investigaciones de los Derivados de la Caña de Azúcar aMéxico :b Geplacea,c1988 a252 p. aDiversificación aD. a1.Caña de azúcarxDerivados aInstituto Cubano de Investigaciones de los Derivados de la Caña de Azúcar